Person-centred counselling in action / (Record no. 128153)
[ view plain ]
| 000 -LEADER | |
|---|---|
| fixed length control field | 00832nam a2200253 a 4500 |
| 003 - CONTROL NUMBER IDENTIFIER | |
| control field | OSt |
| 005 - DATE AND TIME OF LATEST TRANSACTION | |
| control field | 20251112145259.0 |
| 008 - FIXED-LENGTH DATA ELEMENTS--GENERAL INFORMATION | |
| fixed length control field | |
| 020 ## - INTERNATIONAL STANDARD BOOK NUMBER | |
| International Standard Book Number | 9781412928557 (Paperback.) |
| 040 ## - CATALOGING SOURCE | |
| Transcribing agency | NUST |
| Original cataloging agency | NUST |
| Language of cataloging | eng |
| Modifying agency | NUST |
| Description conventions | rda |
| 050 ## - LIBRARY OF CONGRESS CALL NUMBER | |
| Classification number | BF637.C6 MEA |
| 100 1# - MAIN ENTRY--PERSONAL NAME | |
| Personal name | Mearns, Dave |
| Relator term | Author |
| 245 10 - TITLE STATEMENT | |
| Title | Person-centred counselling in action / |
| Statement of responsibility, etc. | Dave Mearns and Brian Thorne. |
| 250 ## - EDITION STATEMENT | |
| Edition statement | 3rd. edition. |
| 260 ## - PUBLICATION, DISTRIBUTION, ETC. | |
| Place of publication, distribution, etc. | London : |
| Name of publisher, distributor, etc. | SAGE Publications, |
| Date of publication, distribution, etc. | 2007. |
| 300 ## - PHYSICAL DESCRIPTION | |
| Extent | xv, 242 p. : |
| Other physical details | ill. ; |
| Dimensions | 21 cm. |
| 336 ## - CONTENT TYPE | |
| Source | rdacontent |
| Content type term | text |
| Content type code | txt |
| 337 ## - MEDIA TYPE | |
| Source | rdamedia |
| Media type term | unmediated |
| Media type code | n |
| 338 ## - CARRIER TYPE | |
| Source | rdacarrier |
| Carrier type term | volume |
| Carrier type code | nc |
| 504 ## - BIBLIOGRAPHY, ETC. NOTE | |
| Bibliography, etc. note | Includes bibliographical references. |
| 650 #1 - SUBJECT ADDED ENTRY--TOPICAL TERM | |
| Topical term or geographic name entry element | Counselling. |
| 700 ## - ADDED ENTRY--PERSONAL NAME | |
| Personal name | Thorne, Brian. |
| 942 ## - ADDED ENTRY ELEMENTS (KOHA) | |
| Koha item type | Ordinary Loan Books |
| Call number prefix | BF |
| Call number suffix | MEA |
| Source of classification or shelving scheme | Library of Congress Classification |
| Edition | 3rd Edition |
| Classification part | BF637.C6 MEA |
| Suppress in OPAC | No |
| Withdrawn status | Lost status | Source of classification or shelving scheme | Damaged status | Not for loan | Collection | Home library | Current library | Shelving location | Date acquired | Source of acquisition | Cost, normal purchase price | Total Checkouts | Full call number | Barcode | Date last seen | Accession number | Cost, replacement price | Price effective from | Koha item type | Public note |
|---|---|---|---|---|---|---|---|---|---|---|---|---|---|---|---|---|---|---|---|---|
| LCC | 127 | NFIC | MAIN | MAIN | GEN | 01/23/2023 | Book Aid International | 80.00 | BF637.C6 MEA | 92004037167 | 01/23/2023 | 49772 | 80.00 | 01/23/2023 | BOOKS | Donation |